00994nam a22002531i 450000100060000000300080000600500170001400800390003103500190007004000270008904100080011608200290012424501670015326000470032030000210036749000340038850400370042265000400045970000350049983000400053494200120057499900170058695201370060336383BD-RjUL20211209052458.0140622s1963 onc b 001 0 eng a(BD-RjUL)36480 aDLCcIENdBD-RjULbeng aeng bROW 1963220a321.02097114aThe Rowell-Sirois report :bAn abridgement of book I of the royal commission Report on Dominion-provincial relations /cedited and introduced by Donald V. Smiley. aToronto :bMcClelland and Stewart,cc1963. a228 p. ;c18 cm.1 aThe Carleton library, vno. 5 aIncludes Bibliography and index. 0aFederal governmentzCanada.91107121 aSmiley, Donald V.eed.91107131 aThe Carleton library, no. 59110722 2ddccBK c36383d36383 00102ddc40718NFICaRUCLbRUCLcReadingd1975-01-15eObidul Huql0o321.020971 ROW 1963r2014-06-22 00:00:00tC-1w2014-06-22yBK